000 01127nam a2200313 i 4500
003 EG-GICUC
005 20260316001352.0
008 260316s1993 ua ||||fr|||| 00| 0 ara d
017 _a1998/7883
020 _a977-04-1037-3
040 _a EG-GICUC
_bara
_c EG-GICUC
_d EG-GICUC
_erda
041 0 _aara
082 0 4 _221
_a345.8223
_bط ع . ر
092 0 4 _221
099 _aLaw 07 345.8223 ط ع . ر 1993
100 0 _aطعيمة الجرف
_eمؤلف.
245 1 0 _aرقابة القضاء الأعمال الإدارة العامة :
_bقضاء الالغاء /
_c الدكتور طعيمة الجرف.
264 1 _aالقاهرة :
_bدار النهضة العربية،
_c1993.
300 _a372 ؛ صفحة
_c24 سم.
336 _2rda content
_atext
337 _2rda media
_aComputer
338 _2rda carrier
_aOnline Resource
546 _aالنص باللغة العربية
650 1 4 _aالقانون الإداري
650 1 4 _aالاختصاص القضائي لمجلس الدولة
856 4 0 _uhttps://fll.law.cu.edu.eg/fulltext/bks/B07-03638.pdf
905 _a77
942 _2ddc
_n0
_cBK
_e21
999 _c66363
_d66363